000 01250naa a22003497a 4500
001 BR8704390
003 BR-BrBNA
005 20240918175823.0
007 ta
008 230509b bl.||||| |||| 00| 0 por d
040 _aBR-BrBNA
_bpor
_cBiblioteca Nacional de Agricultura
041 _a(Pt)
072 _aL01
_b5300
_b0120
_b0170
_bG514
090 _aL01 BR8704390
100 1 _aFialho, E.T.
100 1 _aRostagno, H.S.
100 1 _aFonseca, J.B.
100 1 _aCosta, P.M.A.
100 1 _aSilva, M.A.
111 1 _a15. Reuniao Anual da Sociedade Brasileira de Zootecnia
_cBelem, PA (Brazil)
_d24-28 Jul 1978
245 1 _aEfeito do peso vivo sobre o balanco de energia e da proteina do milho e sorgos com diferentes conteudos de tanino para suinos
260 3 _aBelem, PA (Brasil):
_c1978.
500 _aAnais da 15. Reuniao Anual da Sociedade Brasileira de Zootecnia Belem, PA (Brasil): 1978. p. 189-190 (BR8704390-AM)L01
650 _aSUINO
650 _aTANINO
650 _aPROTEINA
650 _aMILHO
650 _aSORGO
773 0 _tAnais da 15. Reuniao Anual da Sociedade Brasileira de Zootecnia
_wL01 BR8704390
_gBelem, PA (Brasil), 1978. p. 189-190
909 _a202404
_bLucia
_c55
_dLucia Elande
942 _cAM
_2AGRIS
999 _c318285
_d318285